| 000 | 00431 a2200157 4500 | ||
|---|---|---|---|
| 999 |
_c320909 _d320909 |
||
| 001 | 85836 | ||
| 003 | NUST | ||
| 005 | 20180121111105.0 | ||
| 008 | 180121b xxu||||| |||| 00| 0 eng d | ||
| 020 | _a0471377902 | ||
| 082 | _a919.804 COO | ||
| 100 |
_aScott Cookman _99320 |
||
| 245 |
_aIce Blink : The Tragic Fate of Sir John Franklin's Lost Polar Expedition _hEnglish |
||
| 250 | _a1st | ||
| 260 |
_aNew York _bJohn wiley _c2000 |
||
| 300 | _axii 244p. | ||
| 500 | _aGifted By AM Masood Akhtar | ||
| 942 |
_acaenust _cBK _k919.804 COO _2ddc |
||